Top Offenses in College Football 2024 - Statistics

General Stats
  • This quiz has been taken 36 times
  • The average score is 11 of 25
Answer Stats
Team Yards per Game % Correct
Miami 537.2
91%
Texas 437.5
88%
Oregon 437.4
73%
USC 437.2
70%
Boise State 466.0
67%
Clemson 451.9
67%
LSU 431.5
64%
Tennessee 447.0
61%
Ole Miss 526.6
58%
Texas Tech 462.8
58%
Washington State 442.8
48%
Syracuse 467.6
42%
Louisville 449.2
39%
UCF 447.8
36%
Arkansas 459.2
33%
Baylor 440.1
27%
New Mexico 484.3
27%
Memphis 444.5
24%
Texas State 476.9
24%
Utah State 468.3
24%
UTSA 452.5
24%
North Texas 488.8
21%
Jacksonville State 441.6
18%
East Carolina 436.4
9%
South Alabama 442.3
9%
No matching quizzes found
Score Distribution
Percent of People with Each Score
Percentile by Number Answered
Your Score History
You have not taken this quiz